| 000 | 00655cam a22002411 4500 | ||
|---|---|---|---|
| 001 | 26916 | ||
| 003 | BD-RjUL | ||
| 005 | 20211209051103.0 | ||
| 008 | 140324s1946 ii 000 0 eng d | ||
| 035 | _a(BD-RjUL)26987 | ||
| 040 |
_aDLC _cMH _dDLC _dBD-RjUL _beng |
||
| 041 | _aeng | ||
| 082 |
_a954.08 _bSIS 1946 |
||
| 100 | 1 |
_a Sitaramayya, Pattabhi _982734 |
|
| 245 | 1 | 0 |
_aSome fundamentals of the Indian problem. / _cby Pattabhi Sitaramayya |
| 250 | _a[1st ed.] | ||
| 260 |
_aBombay : _bVora, _c1946 |
||
| 300 |
_a104 p. ; _c19 cm. |
||
| 650 | 0 |
_aNationalism _zIndia. _982735 |
|
| 942 |
_2ddc _cBK |
||
| 999 |
_c26916 _d26916 |
||